The hanging of Bhagat Singh vol. 2-A / (Record no. 156457)

MARC details
000 -LEADER
fixed length control field 00752nam a22002057a 4500
005 - DATE AND TIME OF LATEST TRANSACTION
control field 20181115142250.0
010 ## - LCCN (DPL NO)
LC control number ENG-123783
020 ## - INTERNATIONAL STANDARD BOOK NUMBER
Terms of availability 395.00
International Standard Book Number 9788171428007
035 ## - SYSTEM CONTROL NUMBER
System control number EN-107315
037 ## - SOURCE OF ACQUISITION
Source of stock number/acquisition DBAD/PUB
082 ## - DEWEY DECIMAL CLASSIFICATION NUMBER
Classification number 954.0841092
245 ## - TITLE STATEMENT
Title The hanging of Bhagat Singh vol. 2-A /
Statement of responsibility, etc edited by Malwinderjit Singh Waraich; Rajwanti Mann [and] Harish Jain
Remainder of title select tribunal proceedings with Sukhdev's remarks /
260 ## - PUBLICATION, DISTRIBUTION, ETC. (IMPRINT)
Place of publication, distribution, etc Chandigarh
Name of publisher, distributor, etc Unistar Books
Date of publication, distribution, etc 2010
270 ## - ADDRESS
Address S.C.O, 26-27, Sector 43A,
City Chandigarh
Postal code 160022
300 ## - PHYSICAL DESCRIPTION
Extent vol. 2-A (xxxix, 267p.)
Dimensions 24cm (Hb)
700 ## - ADDED ENTRY--PERSONAL NAME
Personal name Waraich, Malwinderjit Singh
9 (RLIN) 34095
700 ## - ADDED ENTRY--PERSONAL NAME
Personal name Mann, Rajwanti
700 ## - ADDED ENTRY--PERSONAL NAME
Personal name Jain, Harish
942 ## - ADDED ENTRY ELEMENTS (KOHA)
Source of classification or shelving scheme Dewey Decimal Classification
Item type English Books
Call number suffix HAN
Classification part 954.0841092
Holdings
Withdrawn status Lost status Not for loan Collection code Home library Current library Date acquired Source of acquisition Cost, normal purchase price Full call number Barcode Copy number Cost, replacement price Koha item type
    Not For Loan Non-fiction D.B.Act.Division Bawana 28/08/2018 DBAD/PUB 395.00 954.0841092 HAN EN-107315 1 395.00 English Books

© Delhi Public Library
Hit Counter
free hit counter